| 000 | 00486nam a2200181 a 4500 | ||
|---|---|---|---|
| 005 | 20140311161030.0 | ||
| 008 | 080313s19uu xx 00 eng d | ||
| 020 | _a0671026313 | ||
| 050 |
_aPZ 7 _b.H727Ac 1999 |
||
| 100 | _aGolden, Christopher | ||
| 245 |
_aBuffy the vampire slayer : _bthe angel chronicles vol. 3 / |
||
| 260 |
_aNew York : _bPocket Books, _c1997. |
||
| 300 |
_a149 p. : _c18 cm. |
||
| 650 | _aFiction. | ||
| 942 |
_cBK _2lcc |
||
| 999 |
_c22927 _d22927 |
||